The life of rivers and streams /

A comprehensive survey of life in inland waters.

Bibliographic Details
Main Author: Usinger, Robert Leslie, 1912-1968
Format: Book
Language:English
Published: New York : Published in cooperation with the World book encyclopedia [by] McGraw-Hill, [1967]
Series:Our living world of nature.
Subjects:

MARC

Tag First Indicator Second Indicator Subfields
LEADER 00000cam a22000001 4500
001 in00000052381
005 20151007070120.0
008 750107s1967 nyuab b 00010 eng
010 |a  67014852  
035 |a (OCoLC)00558658 
035 |9 AAE3364AM 
040 |a DLC  |c DLC  |d TXA  |d UtOrBLW 
049 |a TXAM  |c [428632] 
050 0 0 |a QH97  |b .U8 
082 0 |a 574.92 
092 |a 574.929  |b U85, 1967 
100 1 |a Usinger, Robert Leslie,  |d 1912-1968. 
245 1 4 |a The life of rivers and streams /  |c [by] Robert L. Usinger. 
264 1 |a New York :  |b Published in cooperation with the World book encyclopedia [by] McGraw-Hill,  |c [1967] 
300 |a 232 pages :  |b illustrations (part color) maps. ;  |c 26 cm. 
336 |a text  |b txt  |2 rdacontent 
337 |a unmediated  |b n  |2 rdamedia 
338 |a volume  |b nc  |2 rdacarrier 
490 1 |a Our living world of nature 
504 |a Bibliography: page 227. 
520 |a A comprehensive survey of life in inland waters. 
650 0 |a Freshwater biology. 
730 4 |a The World book encyclopedia. 
830 0 |a Our living world of nature. 
999 |a MARS 
999 f f |s c0137a55-357c-389f-a09b-ca5cf9ce69ee  |i a6910364-f94a-35d8-83c5-41a5036a7630  |t 0 
952 f f |p ric  |a Texas A&M University  |b Rellis Campus  |c Joint Library Facility  |d Remote Storage  |t 0  |e QH97 .U8  |h Library of Congress classification  |i unmediated -- volume  |m A14800976012 
998 f f |a QH97 .U8  |t 0  |l Remote Storage